The Words Of Gandhi (Record no. 336287)

MARC details
000 -LEADER
fixed length control field 00417nam a2200157Ia 4500
008 - FIXED-LENGTH DATA ELEMENTS--GENERAL INFORMATION
fixed length control field 230718s9999 xx 000 0 und d
041 ## - LANGUAGE CODE
Language code of text/sound track or separate title eng
082 ## - DEWEY DECIMAL CLASSIFICATION NUMBER
Classification number 954.03'5
Item number MCG
100 ## - MAIN ENTRY--PERSONAL NAME
Personal name McGeary J.
9 (RLIN) 196080
245 ## - TITLE STATEMENT
Title The Words Of Gandhi
260 ## - PUBLICATION, DISTRIBUTION, ETC. (IMPRINT)
Date of publication, distribution, etc. 2000
Name of publisher, distributor, etc. Harper Collins
300 ## - PHYSICAL DESCRIPTION
Extent 113
365 ## - TRADE PRICE
Currency code Rs.
Price amount 199.00
700 ## - ADDED ENTRY--PERSONAL NAME
Personal name McGeary J.
9 (RLIN) 196080
906 ## - LOCAL DATA ELEMENT F, LDF (RLIN)
d O:0389303-Jun-2014B:561810-Apr-2014
c GENRL
b 43.78
Holdings
Withdrawn status Lost status Source of classification or shelving scheme Damaged status Not for loan Home library Current library Date acquired Vendor Budget Code Cost, normal purchase price Bill number Total Checkouts Full call number Barcode Date last seen Date last checked out Discount Cost, replacement price Bill Date Koha item type Original Barcode
    Dewey Decimal Classification     Cummins College of Engineering for Women Pune Cummins College of Engineering for Women Pune 06/06/2014 Technical Book Services GENRL 155.22 5618 2 954.03'5 CCEP-BK-47494 07/01/2026 15/12/2025 43.78 199.00 10/04/2014 Books 047494